Využívanie finančných prostriedkov z Programu rozvoja vidieka bakalárska práca

Salvato in:
Dettagli Bibliografici
Autore principale: Mihoková, Veronika
Ente Autore: Podnikovohospodárska fakulta EU so sídlom v Košiciach. Katedra ekonómie
Altri autori: Spišáková, Emília, 1983-
Natura: Libro
Lingua:slovacco
Pubblicazione: Košice 2012
Tags: Aggiungi Tag
Nessun Tag, puoi essere il primo ad aggiungerne!!

MARC

LEADER 00000nbm a2200000 4500
001 0155542
005 20240827093301.8
041 0 |a slo 
044 |a SK 
245 1 0 |a Využívanie finančných prostriedkov z Programu rozvoja vidieka  |b bakalárska práca  |c Veronika Mihoková ; školiteľ: Emília Spišáková 
264 1 |a Košice  |c 2012 
300 |a 66 s. 
100 1 |a Mihoková, Veronika 
700 1 |a Spišáková, Emília, 1983- 
710 2 |a Podnikovohospodárska fakulta EU so sídlom v Košiciach. Katedra ekonómie